000 00357nam a22001217a 4500
008 230621b xxu||||| |||| 00| 0 eng d
082 _a328.03
_bNAZ
110 _bNational Assembly of Zambia
245 _aParliamentary Procedure Abstract Series 25
_bPoints of Order
260 _bNational Assembly Research Department
_c1997
300 _a4p
942 _2ddc
_cBK
999 _c2024
_d2024